000 00228nam a2200097Ia 4500
008 190216s9999||||xx |||||||||||||| ||und||
100 _aNull
245 0 _aHindi-Javan Rashtr Ka Gourab
260 _bJaiprakashnath&Co:
942 _cBK
999 _c17613
_d17613